00242nam a2200097Ia 4500008004100000100001700041245003900058260003100097300000800128650000800136191201s2002 xx 000 0 und d aPRASAD, Ajit 0aDictionary of Strategic Management aN.DelhibExcel Booksc2002 a344 aMBA